00660nam a2200241 a 4500001001300000003000900013005001700022008004100039020001000080082001700090100001200107245001900119260004300138300000900181500003500190505001600225650002200241700001200263902000800275942000700283952011300290999001500403nice12345678IN_TiNIC20260116011704.0050524s1956 hyda grp 000 0 urd  ac2.500a891.41bDAA1 aDaagh,  aFaryad-E-Daagh aHyderabadbCommercial Book Depotc1956 a144p aincludes index and biblioraphy2 aillustrated aUrdu-Poetry-daagh1 aDaagh,  bSRS cBK 001040708StackRoom-aHMIbHMId2007-06-19g2.50l0o891.41 DAA1p05434r2007-06-19v2.50w2005-05-24yBK c3412d3412